| 000 | 00407nam a22001457a 4500 | ||
|---|---|---|---|
| 020 | _a969-35-0160-8 | ||
| 040 | _cNUST | ||
| 082 | _a891.4393,TAR | ||
| 100 |
_aTarar, Mustansar Hussain _93135 |
||
| 245 |
_aBahao / بہاؤ (Urdu) / _cMustansar Hussain Tarar |
||
| 260 |
_aLahore _bSang-e-Meel Pub _c2017 |
||
| 300 | _a272 p.; | ||
| 650 |
_aUrdu Literature _xNovel _9110271 |
||
| 942 |
_2ddc _cBK _k891.4393,TAR |
||
| 999 |
_c593777 _d593777 |
||